000 00341nam a2200145Ia 4500
008 230917s9999||||xx |||||||||||||| ||und||
040 _e180143
_aMAIN
041 _aEnglish
082 _a954.01 G237P
100 _aGaurav, Prashant
245 0 _aPracheen Bharat
260 _aNew Delhi
_bRajkamal
_c2009
300 _a476 p.
942 _cBK
999 _c151555
_d151555